000 01124nam a2200265 4500
001 150167
003 ES-MaACL
005 20260203104228.0
007 t|
008 071026s1913 sp |||| |bspa d
080 _a929 Jiménez de Cisneros, Francisco
100 1 _aVallejo, Juan de.
_9112841
245 1 0 _aMemorial de la vida de Fray Francisco Jiménez de Cisneros /
_cJuan de Vallejo ; publicado, con prólogo y notas, por Antonio de la Torre y del Cerro.
260 _a[Madrid] :
_b[s.n.],
_c1913 (
_fImp. Bailly-Baillière)
300 _aXXV, 131 p. ;
_c26 cm.
500 _aÍndices.
594 _aPrecede al tít.: Junta para Ampliación de Estudios e Investigaciones Científicas, Centro de Estudios Históricos.
600 1 4 _aJiménez de Cisneros, Francisco,
_d1436-1517
_966495
700 1 _aTorre y del Cerro, Antonio de la.
_9110794
710 2 _aCentro de Estudios Históricos (1910-1939)
_92638
852 _aES-MaACL
_jB-4938
_cSPB
856 4 _uhttp://bnedigital.bne.es/bd/es/card?id=dff26272-03c2-45c0-9553-06be68c872f3
_yIr a la página
942 _2udc
999 _c150167
_d150167